000 00992nam a22002537a 4500
999 _c43634
_d43634
005 20201208130156.0
008 131022t sp||||| |||| 00| 0 spa d
020 _a847090034X (Tomo 1)
020 _a8470900358 (Tomo 2)
020 _a8470900366 (Tomo 3)
020 _a8470900854 (Obra completa)
050 0 4 _aML160
_bH57 1977
240 0 _aThe Pelican history of music
_lEspañol
245 0 0 _aHistoria general de la música /
_cRobertson, Alec, Stevens, Denis...[et al ]
250 _a2a ed.
260 _aMadrid :
_bEdiciones ISTMO : Editorial Alpuerto,
_c1977
300 _a3 v. :
_bil. ;
_c18 cm.
490 0 _aColección :
_aFundamentos ;
_v5, 6, 7
500 _aPublicada en diferentes reimpresiones
505 _aContenido:
_gv.1 |t Antiguas formas de polifonía -- v.2 |t Desde el renacimiento hasta el barroco -- v.3 |t Desde el clasicismo hasta el siglo XX.
650 4 _aMusica
_xHIstoria y crítica
700 1 _aRobertson, Alec,
_qautor
700 1 _aStevens, Denis,
_qautor
942 _2lcc
_cLIB